000 00488cam a2200193ua 4500
001 4233
005 20260515113814.0
008 111221n ii |||gr||||Z||||||asm
040 _cMAIN
082 _a891.4513
100 1 _aBardoloi, Mukti Nath,
245 1 1 _aTirtha jattir sadhu
_cby Mukti Nath Bardoloi
250 _a1st.
260 _aGuwahati:
_bBani praksh mandir,967.
300 _a64p:
_c23cm.
653 _aAssamese short stories
653 _aTirtha jattir sadhu
942 _cBK
999 _c4050
_d4050